01243 2200373 4500001002100000005001500021035002000036007000300056008004100059020002200100040002200122082001200144084001400156090001800170090002100188100003000209245014400239250002900383300006200412500004500474650002200519700003100541700004100572700004100613850001200654041001300666504003300679264004100712336002100753337003000774338002300804990002100827990002100848INLIS00000000084750520190520123005 a0010-0519000840ta190520s2019 yoia gr| 1 | ind|d a978-602-229-954-7 aYOPDYOGbinderda04223a158 a158 PIN b aDEP 158 PIN b aCB-D.11 2019-4011 aPinel, John P.J.epenulis10aBiopsikologi :bedisi sepuluh /cpenulis, John P.J. Pinel, Steven J. Barnes; penerjemah, Helly Prajitno Soetjipto, Sri Mulyantini Soetjipto aCetakan I, Februari 2019 axviii, 826 halaman :bilustrasi, diagram, gambar ;c28 cm aJudul asli: BIOPSYCHOLOGY: tenth edition 4aPsikologi terapan1 aBarnes, Steven J.epenulis0 aHelly Prajitno Soetjiptoepenerjemah0 aSri Mulyantini Soetjiptoepenerjemah aYOPDYOG1 aindgeng aBibliografi: halaman 664-77031aYogyakarta :bPustaka Pelajar,c2019 2rdacontentateks 2rdamediaatanpa perantara 2rdacarrieravolume aCB-D.11/2019-401 aCB-D.11/2019-401